Loading...
| Literature - European Literature | 5 | 2 | 0 | 0 | 95 | 24 | 72.86 | 3 | 7 |
| 1 | 7 | 1 | 0 | 80 | 67 | 108.75 | 1 | 8 | |
| Fine Arts - Visual Fine Arts | 2 | 3 | 0 | 0 | 60 | 22 | 55.00 | 3 | 5 |
| Beliefs | 1 | 5 | 2 | 0 | 55 | 63 | 98.83 | 1 | 6 |
| Literature - British Literature | 1 | 4 | 1 | 2 | 50 | 75 | 111.00 | 0 | 5 |
| Fine Arts - Auditory Fine Arts | 0 | 5 | 0 | 2 | 50 | 107 | 129.20 | 2 | 5 |
| Science - Biology | 1 | 3 | 0 | 1 | 45 | 64 | 104.25 | 1 | 4 |
| Philosophy | 0 | 4 | 0 | 0 | 40 | 57 | 101.00 | 1 | 4 |
| Social Science | 0 | 4 | 0 | 1 | 40 | 69 | 102.75 | 3 | 4 |
| Other Arts: Auditory | 0 | 3 | 0 | 0 | 30 | 105 | 123.33 | 2 | 3 |
| Science - Chemistry | 1 | 2 | 1 | 1 | 30 | 63 | 88.67 | 2 | 3 |
| Literature - American Literature | 0 | 3 | 1 | 0 | 25 | 81 | 107.33 | 0 | 3 |
| Other Science: Earth Science | 1 | 1 | 1 | 1 | 20 | 60 | 80.50 | 2 | 2 |
| Chemistry> | 0 | 1 | 0 | 0 | 10 | 92 | 92.00 | 0 | 1 |
| Geography | 0 | 1 | 0 | 0 | 10 | 72 | 72.00 | 1 | 1 |
| History - World History | 0 | 1 | 0 | 0 | 10 | 87 | 87.00 | 0 | 1 |
| Other Arts: Visual | 0 | 1 | 0 | 0 | 10 | 110 | 110.00 | 0 | 1 |
| Current Events | 0 | 0 | 0 | 0 | 0 | 0.00 | 0 | 0 | |
| Religion | 0 | 0 | 1 | 0 | -5 | 0.00 | 0 | 0 | |
| Other Academic | 0 | 0 | 1 | 0 | -5 | 0.00 | 0 | 0 | |
| Science - Physics | 0 | 0 | 2 | 0 | -10 | 0.00 | 0 | 0 |